Магнитный пускатель; Научная инициатива иностранных студентов и аспирантов российских вузов

Bibliografiske detaljer
Parent link:Научная инициатива иностранных студентов и аспирантов российских вузов.— 2009.— С. 103-105
Hovedforfatter: Лю Сюмей
Andre forfattere: Копылов Ю. В. (научный руководитель)
Sprog:russisk
Udgivet: 2009
Fag:
Format: MixedMaterials Book Chapter
KOHA link:https://koha.lib.tpu.ru/cgi-bin/koha/opac-detail.pl?biblionumber=174184

MARC

LEADER 00000naa2a2200000 4500
001 174184
005 20231031164620.0
035 |a (RuTPU)RU\TPU\book\188898 
090 |a 174184 
100 |a 20100123d2009 k y0rusy50 ca 
101 0 |a rus 
102 |a RU 
200 1 |a Магнитный пускатель  |f Лю Сюмей  |g науч. рук. Ю. В. Копылов 
320 |a Библиогр.: 2 назв. 
463 0 |0 (RuTPU)RU\TPU\book\182746  |t Научная инициатива иностранных студентов и аспирантов российских вузов  |o II Всероссийская научно-практическая конференция, Томск, 21-22 мая 2009 г.   |o сборник докладов  |f Ассоциация иностранных студентов в России (АИС); Томский политехнический университет (ТПУ), Институт международного образования и языковой коммуникации (ИМОиЯК)  |v С. 103-105  |d 2009  |p 565 с. 
610 1 |a коммутационные аппараты 
610 1 |a магнитные пускатели 
610 1 |a дугогасительные решётки 
610 1 |a асинхронные двигатели 
610 1 |a труды учёных ТПУ 
700 0 |a Лю Сюмей 
702 1 |a Копылов  |b Ю. В.  |4 727 
801 1 |a RU  |b 63413507  |c 20100123 
801 2 |a RU  |b 63413507  |c 20100123  |g RCR 
942 |c BK